000 01402cam a22004454i 4500
003 PE-LiUPU
005 20250731172751.0
008 150617s r 000 0 d
035 _a(Sirsi) a12482
040 _aPE-LiUPU
_bspa
_cPE-LiUPU
_erda
049 _aPRUA
082 0 4 _a244
_bD74
_221
100 1 _aDouglas, Lloyd Cassel,
_d1877-1951,
_eautor.
245 1 3 _aEl manto sagrado /
_cLloyd C. Douglas.
264 1 _aBuenos Aires :
_bEditorial Buenos Aires,
_c[19 ].
300 _a620 páginas :
_bil. ;
_c17 cm.
336 _atext
_2rdacontent
337 _aunmediated
_2rdamedia
338 _avolume
_2rdacarrier
505 0 _aEl manto sagrado.
526 _aSEG42
526 _aSEG41
526 _aSEG40
526 _aSEG39
526 _aP94
526 _aP87
526 _aP86
526 _aP85
526 _aP77
526 _aP76
526 _aP35
650 0 4 _aNovelas históricas.
910 _ajck
_bjvq
_cjck
_d20150616
942 _2ddc
_cBOOK
949 _a244 D74
_wDEWEY
_c1
_i01308
_lCCODEBUL1
_mBUL
_p00.00
_r0
_sY
_tBOOK
_u2015-04-21
_xTEOLOGIA
_PP35
_0COMPRA
_o.STAFF. Colección general
994 _aC0
_bPEPRU
596 _a1
999 _a244 D74
_wDEWEY
_c2745
_i01308
_f2021-11-11
_g5
_lCCODEBUL1
_mBUL
_r0
_sY
_tBOOK
_u2015-4-21
_xTEOLOGIA
_PP35
_0COMPRA
_o.STAFF. Colección general
_d2745
980 _81
_gALBERTO SANCHEZ Responsable de Automatización